Ways of war: (Record no. 1435503)

MARC details
000 -LEADER
fixed length control field 00979 a2200265 4500
005 - DATE AND TIME OF LATEST TRANSACTION
control field 20251219160331.0
008 - FIXED-LENGTH DATA ELEMENTS--GENERAL INFORMATION
fixed length control field 251219b |||||||| |||| 00| 0 eng d
020 ## - INTERNATIONAL STANDARD BOOK NUMBER
International Standard Book Number 9781032245614 (pbk)
037 ## - SOURCE OF ACQUISITION
Terms of availability TB
040 ## - CATALOGING SOURCE
Original cataloging agency CRL
Transcribing agency CRL
041 ## - LANGUAGE CODE
Source of code eng
Language code of text/sound track or separate title eng
084 ## - COLON CLASSIFICATION NUMBER
Classification number V73:594.P1 R5
Assigning agency CRL
100 ## - MAIN ENTRY--PERSONAL NAME
Personal name Muehlbauer, Matthew S.
9 (RLIN) 821424
245 ## - TITLE STATEMENT
Title Ways of war:
Remainder of title American military history from the colonial era to the twenty first century
250 ## - EDITION STATEMENT
Edition statement 3rd Ed.
260 ## - PUBLICATION, DISTRIBUTION, ETC.
Date of publication, distribution, etc. New York, USA;
-- London, UK:
Name of publisher, distributor, etc. Routledge,
Place of publication, distribution, etc. 2025.
300 ## - PHYSICAL DESCRIPTION
Extent xxiii, 592p.
365 ## - TRADE PRICE
Price amount 78.99
Currency code UKP
650 ## - SUBJECT ADDED ENTRY--TOPICAL TERM
Topical term or geographic name entry element United State - History
9 (RLIN) 858192
650 ## - SUBJECT ADDED ENTRY--TOPICAL TERM
Topical term or geographic name entry element Military Arts and Science
9 (RLIN) 858193
650 ## - SUBJECT ADDED ENTRY--TOPICAL TERM
Topical term or geographic name entry element History
9 (RLIN) 858194
700 ## - ADDED ENTRY--PERSONAL NAME
Personal name Ulbrich, David J.
Relator term author.
9 (RLIN) 858195
942 ## - ADDED ENTRY ELEMENTS (KOHA)
Koha item type Textbook
Source of classification or shelving scheme Colon Classification (CC)
Suppress in OPAC No
Edition 3rd Ed.
Classification part V73:594.P1 R5
Holdings
Withdrawn status Lost status Source of classification or shelving scheme Damaged status Not for loan Home library Current library Date acquired Source of acquisition Cost, normal purchase price Inventory number Total Checkouts Full call number Barcode Date last seen Cost, replacement price Price effective from Koha item type
    Colon Classification (CC)     Central Library Central Library 2025-10-16 64/ Shivam Book Service 7543.23 SBS/38 & 2025-10-07   V73:594.P1 R5 CL1924074 2025-10-16 9429.04 2025-10-16 Textbook
Copyright @ Delhi University Library System